000 00293nam a22001337a 4500
008 180927b xxu||||| |||| 00| 0 eng d
020 _a9780764554230
041 _aeng
080 _a311
100 _a55
101 _aSTA
245 _aStatisticS For Dummies
_cRumsey.D
942 _2udc
_cBK
999 _c48560
_d48560